[Event "European Blitz-ch 2018"]
[Site "Skopje"]
[Date "2018.12.06"]
[Round "2"]
[White "Navara, David"]
[Black "Nasibullin, Iskander"]
[Result "1-0"]
[WhiteElo "2736"]
[BlackElo "2091"]
[Annotator "TA"]
[PlyCount "41"]
[EventDate "2018.12.06"]
[EventType "swiss"]
[EventCountry "MKD"]
[SourceTitle "playchess.com"]
[Source "ChessBase"]
[SourceQuality "1"]

{[%evp 16,41,0,-12,42,4,6,0,8,-14,-16,-38,337,245,347,339,550,506,645,662,650,645,726,632,716,714,788,602]} 1. d4 Nf6 2. c4 e6 3. Nc3 Bb4 4. e3 O-O 5. Bd3 d5 6. cxd5 exd5 7. Nge2 Nbd7 {E48: Nimzo-Indian: Rubinstein: 5 Bd3 d5 including 6 Ne2, but excluding 6 a3} 8. Bd2 c6 9. O-O {LiveBook: 3 Games} Nb6 $146 (9... Bd6 $11) ({Predecessor:} 9... Re8 10. Rc1 Bd6 11. f3 c5 12. Qe1 a6 13. b3 b5 14. Bb1 Bb7 15. Qh4 c4 16. bxc4 dxc4 {½-½ (41) Docx,S (2455)-Istratescu,A (2653) Belgium 2014}) 10. Qb3 Bd6 11. f3 Re8 12. e4 dxe4 13. fxe4 {[#] Threatens to win with Qc2.} Ng4 $2 {[%mdl 8192]} (13... Be6 $6 14. Qc2 $14) (13... c5 $1 $15) 14. Qxf7+ $18 Kh8 15. e5 Bxe5 $2 (15... Nxe5 16. dxe5 Be6) 16. Qh5 {[%csl Gd3][%cal Rh5h7] White is clearly winning.} (16. dxe5 Be6 $11) 16... Nh6 17. Bxh6 ({Weaker is} 17. dxe5 Bg4 $11) 17... gxh6 18. dxe5 Rg8 19. Rad1 Bg4 20. Qxh6 {[%csl Gd3][%cal Rh6h7] [#]} Qe7 21. Qf6+ {[%mdl 64] Double Attack} 1-0

[Event "European Blitz-ch 2018"]
[Site "Skopje"]
[Date "2018.12.06"]
[Round "2"]
[White "Cheparinov, Ivan"]
[Black "Mikluc, Davorin"]
[Result "1-0"]
[WhiteElo "2709"]
[BlackElo "2137"]
[Annotator "TA"]
[PlyCount "59"]
[EventDate "2018.12.06"]
[EventType "swiss"]
[EventCountry "MKD"]
[SourceTitle "playchess.com"]
[Source "ChessBase"]
[SourceQuality "1"]

{[%evp 18,59,42,36,93,89,90,75,88,57,82,70,70,70,84,80,79,100,112,81,108,21,116,133,123,126,119,53,53,64,57,64,203,208,264,280,1149,1148,993,972,873,781,972,942]} 1. d4 Nf6 2. c4 g6 3. Nc3 Bg7 4. e4 d6 5. h3 O-O 6. Be3 Nbd7 7. Nf3 c5 8. Be2 {E90: King's Indian: Classical: Early deviations and 6 h3} cxd4 9. Nxd4 a6 10. O-O {LiveBook: 10 Games. White is slightly better.} Ne5 (10... Re8 $14) (10... Nc5 11. Qc2 Bd7 12. Rfd1 Qc7 13. Rac1 Rfc8 14. b4 Ne6 {½-½ (37) Tomashevsky,E (2696)-Bortnyk,O (2567) Minsk 2017}) 11. f4 Nc6 12. Qd2 Bd7 13. Rad1 Nxd4 $146 ({Predecessor:} 13... Rc8 14. b3 Re8 15. Bf3 Qc7 16. Nd5 Nxd5 17. exd5 Nxd4 18. Bxd4 Bxd4+ 19. Qxd4 {1-0 (41) Tepeli,H (1686)-Cakanel,D (1502) Manavgat 2016}) 14. Bxd4 Bc6 15. Qe3 Ne8 16. Bxg7 Nxg7 17. b4 b5 18. c5 Qb8 19. f5 (19. cxd6 $16 exd6 20. f5) 19... a5 (19... dxc5 $1 $11 {remains equal.} 20. fxg6 (20. bxc5 Qe5 $11) (20. Qxc5 Qb7 $14) 20... cxb4) 20. cxd6 $16 exd6 21. f6 Ne8 22. Qh6 (22. a3 $16) 22... axb4 $14 23. Nd5 Bxd5 $1 24. Rxd5 Rxa2 (24... Qd8 $1 $14) 25. Bxb5 $40 {[%mdl 128] White attacks with force.} Qb6+ 26. Kh2 {White threatens Bxe8 and mate.} Rf2 $2 {[#]} (26... Nxf6 27. Rxf6 b3) 27. Bxe8 $1 {[%csl Gf6][%cal Rh6g7][%mdl 512] White is clearly winning.} Rxf6 (27... Rxe8 28. Qg7#) 28. Rxf6 {Intending Bxf7+! and mate.} Rxe8 29. Rfxd6 Qc7 30. Qf4 {Accuracy: White = 54%, Black = 24%.} 1-0

[Event "European Blitz-ch 2018"]
[Site "Skopje"]
[Date "2018.12.06"]
[Round "2"]
[White "Mamedov, Rauf"]
[Black "Smolka, Marcin"]
[Result "1-0"]
[WhiteElo "2703"]
[BlackElo "2178"]
[Annotator "TA"]
[PlyCount "49"]
[EventDate "2018.12.06"]
[EventType "swiss"]
[EventCountry "MKD"]
[SourceTitle "playchess.com"]
[Source "ChessBase"]
[SourceQuality "1"]

{[%evp 15,49,0,8,-6,15,3,23,10,92,75,84,70,72,78,120,132,109,92,220,220,519,418,542,530,543,530,525,491,711,640,665,568,790,720,707,712]} 1. e4 e5 2. Nc3 Nf6 3. g3 Bc5 4. Bg2 Nc6 5. d3 a6 6. h3 {C26: Vienna Game: 2...Nf6, sidelines} d6 7. Nge2 Be6 8. Nd5 (8. f4 h6 9. f5 Bd7 10. b3 Nd4 11. Bb2 Bc6 12. Nxd4 Bxd4 13. Qe2 b5 14. Nd1 {1-0 (60) Nakamura,H (2774)-Topalov,V (2749) Saint Louis 2017}) 8... h6 {LiveBook: 7 Games} 9. c3 Ba7 10. O-O Qd7 11. Kh2 Ne7 $146 (11... h5 $11 {keeps the balance.}) ({Predecessor:} 11... Bxd5 12. exd5 Ne7 13. d4 O-O-O 14. a4 Nexd5 15. Qb3 c6 {0-1 (46) Ding,Y (2426)-Zhao,X (2504) China 2016}) 12. Nxf6+ $16 gxf6 {[#]} 13. f4 $1 {[%cal Rf4f5] Threatens to win with f5.} f5 14. exf5 Nxf5 15. Bxb7 Rb8 16. Be4 ({Stronger than} 16. Bxa6 Qc6 $15) 16... Rg8 (16... h5 $16) 17. g4 $18 d5 $2 {[#]} (17... Ne7) 18. gxf5 Bxf5 19. Bxf5 {White is clearly winning.} Qxf5 20. Ng3 Qg6 21. Qg4 Qh7 (21... exf4 $142 22. Nh5 Qxg4 23. hxg4 Ke7 24. Nxf4 c6) 22. Qe2 e4 23. dxe4 h5 24. Qxh5 Qg7 25. Qe5+ {Accuracy: White = 85%, Black = 16%.} 1-0

[Event "European Blitz-ch 2018"]
[Site "Skopje"]
[Date "2018.12.06"]
[Round "2"]
[White "Saric, Ivan"]
[Black "Kalogridakis, Georgios"]
[Result "1-0"]
[WhiteElo "2695"]
[BlackElo "2144"]
[Annotator "TA"]
[PlyCount "51"]
[EventDate "2018.12.06"]
[EventType "swiss"]
[EventCountry "MKD"]
[SourceTitle "playchess.com"]
[Source "ChessBase"]
[SourceQuality "1"]

{[%evp 12,51,10,-5,9,20,25,23,62,64,39,35,35,43,325,309,530,522,509,520,515,516,516,509,563,544,564,562,528,363,618,362,915,909,1529,1513,2051,1875,29987,29988,29986,29984]} 1. e4 c5 2. Nf3 d6 3. g3 Nf6 4. d3 {[%cal Bd2d3,Bd3d4][%mdl 32]} g6 5. Bg2 Bg7 6. O-O O-O 7. c3 {LiveBook: 94 Games. A05: Réti Opening: 1 Nf3 Nf6} (7. Re1 Nc6 8. c3 e5 9. a3 h6 10. b4 b6 11. b5 Ne7 12. a4 a6 13. Na3 Be6 14. Bb2 Nd7 15. bxa6 Rxa6 16. Nb5 d5 17. exd5 Nxd5 {0-1 (62) Saric,I (2664)-Zherebukh,Y (2636) chess.com INT 2018}) 7... Qc7 8. Re1 b5 $146 ({Predecessor:} 8... Nc6 9. d4 cxd4 10. cxd4 Bg4 11. Nc3 Qb6 12. e5 dxe5 13. dxe5 Nd7 14. Nd5 Qd8 15. Bf4 Ndxe5 16. h3 Bxf3 17. Bxf3 e6 18. Nc3 Qxd1 19. Bxd1 Nd3 {0-1 (48) Mueller,W-Pielnik,R Germany 1991}) 9. d4 {White has an edge.} Bb7 10. e5 dxe5 11. dxe5 Nd5 $1 12. e6 {And now exf7+ would win.} fxe6 $2 {[%mdl 8192]} (12... f6 $14) 13. Ng5 $18 Rf6 $2 (13... Qc8 14. Nxe6 Nf6 15. Nxf8 Kxf8 16. Bxb7 Qxb7) 14. Nxe6 Qd6 15. Nxg7 Kxg7 {[#]} 16. c4 $1 {[%mdl 512]} bxc4 17. Nc3 e6 18. Ne4 {[%mdl 64] Double Attack} Qf8 19. Nxf6 Qxf6 20. Qe2 Kf7 $2 (20... Nc6 21. Qxe6 Qxe6 22. Rxe6 Rd8) 21. h4 {Bg5 is the strong threat.} Nd7 $2 (21... Nc6 22. Qxc4 Nd4) 22. Bg5 Qf5 23. g4 Nf4 24. Bxf4 {[%mdl 64] [#] Overworked Piece} Qxf4 25. Qxe6+ {[%mdl 64] Double Attack} Kf8 26. Bxb7 {Accuracy: White = 76%, Black = 19%.} 1-0

[Event "European Blitz-ch 2018"]
[Site "Skopje"]
[Date "2018.12.06"]
[Round "2"]
[White "Demchenko, Anton"]
[Black "Spirliadis, Achileas"]
[Result "1-0"]
[WhiteElo "2679"]
[BlackElo "2153"]
[Annotator "TA"]
[PlyCount "61"]
[EventDate "2018.12.06"]
[EventType "swiss"]
[EventCountry "MKD"]
[SourceTitle "playchess.com"]
[Source "ChessBase"]
[SourceQuality "1"]

{[%evp 18,61,81,75,83,86,72,38,151,141,220,157,268,261,333,300,317,235,391,276,546,502,495,493,539,467,961,971,1027,985,989,808,921,810,833,766,1241,1226,1173,947,1354,1358,2678,2654,2008,1587]} 1. e4 e6 2. d4 d5 3. Nd2 Be7 4. Ngf3 Nf6 5. e5 Nfd7 6. c3 {C03: French Tarrasch: Unusual Black 3rd moves} (6. Bd3 c5 7. c3 Nc6 8. O-O g5 9. Qe2 h5 10. Qe3 Qb6 11. b4 cxd4 12. cxd4 Nxb4 13. Rb1 Qa5 14. Be2 g4 15. Ne1 Nb6 16. Nb3 Qa4 {½-½ (30) Xiong,J (2634)-Van Foreest,J (2629) Wijk aan Zee 2018}) 6... c5 7. Be2 Nc6 8. O-O g5 9. Nb3 c4 10. Nbd2 {LiveBook: 3 Games} g4 $146 ({Predecessor:} 10... b5 11. b3 Nb6 12. bxc4 bxc4 13. h3 Bd7 {½-½ (67) Pokorny,Z (2275)-Adamek,J (2298) Czechia 2013}) 11. Ne1 h5 12. f3 Bg5 (12... f5 $14) 13. Kh1 $16 b5 (13... Qe7 $16) 14. Nc2 b4 (14... f5 $16) 15. cxb4 $18 {[%cal Bc3b4,Bb4b5][%mdl 32]} (15. fxg4 $6 hxg4 16. Bxg4 f5 $18) 15... Qe7 16. b5 ({Weaker is} 16. fxg4 hxg4 17. Bxg4 Ba6 $18) 16... Na5 17. Nb1 ({Don't play} 17. fxg4 hxg4 18. Bxg4 f5 $18) 17... Bb7 $2 {[#]} (17... Bxc1 18. Qxc1 a6) 18. Nc3 O-O-O $2 (18... Bxc1 {is a better defense.} 19. Qxc1 g3 20. hxg3 f6 21. exf6 Qxf6) 19. f4 {White is clearly winning.} Bh6 20. Bd2 Ba8 {[#]} 21. b3 $1 {[%mdl 512]} cxb3 (21... Nb7 $142 22. bxc4 dxc4 23. Bxc4 Nb6) 22. axb3 Nxb3 23. Rxa7 Kb8 24. Ra4 Nxd2 25. Qxd2 Nb6 26. Ra6 Qc7 27. Nb4 Bb7 28. Rb1 Nc4 29. Bxc4 Qxc4 30. Nc6+ Kc7 31. Ra4 {Accuracy: White = 69%, Black = 22%.} 1-0

[Event "European Blitz-ch 2018"]
[Site "Skopje"]
[Date "2018.12.06"]
[Round "2"]
[White "Van Foreest, Jorden"]
[Black "Muter, Donny"]
[Result "1-0"]
[WhiteElo "2614"]
[BlackElo "2206"]
[Annotator "TA"]
[PlyCount "64"]
[EventDate "2018.12.06"]
[EventType "swiss"]
[EventCountry "MKD"]
[SourceTitle "playchess.com"]
[Source "ChessBase"]
[SourceQuality "1"]

{[%evp 18,64,52,36,49,24,54,54,66,70,83,56,83,89,89,89,93,100,130,119,146,146,175,139,142,131,137,100,171,117,107,122,97,56,49,56,60,43,75,45,88,65,70,58,256,218,517,516,29989]} 1. e4 d6 2. d4 Nf6 3. Nc3 e5 4. Nf3 Nbd7 5. Bc4 Be7 6. a4 O-O 7. O-O c6 8. h3 Qc7 9. Re1 b6 10. Be3 {[%cal Bc1e3,Be3g5,Bg5h4][%mdl 32] LiveBook: 4 Games. C41: Philidor Defence} (10. Ba2 a6 11. Be3 Bb7 12. Qd3 exd4 13. Bxd4 Ne5 14. Qe3 Nfd7 15. Ne2 Bf6 16. Nxe5 dxe5 17. Bc3 a5 18. Bc4 Nc5 19. Nc1 Rfe8 20. Nd3 Ne6 21. Qg3 Nf8 22. Rad1 Ng6 23. Qf3 {½-½ (23) Hracek,Z (2594)-Vajda,L (2596) Hungary 2016}) 10... a6 11. Nh4 Re8 12. Nf5 {White is slightly better.} Bf8 13. d5 $146 ({Predecessor:} 13. g4 h6 14. f4 exd4 15. Bxd4 Nxe4 16. Nxe4 d5 17. Neg3 Rxe1+ 18. Qxe1 dxc4 {1-0 (31) Babanin,G (2082)-Emdin,M (2247) St Petersburg 2016}) 13... Bb7 14. dxc6 Bxc6 15. Bg5 $36 {[%mdl 2048] White has strong initiative.} h6 16. Bh4 g6 17. Ne3 Bg7 ({Avoid the trap} 17... Nxe4 $2 18. Qg4 $18) 18. Qf3 Rf8 19. Rad1 Kh7 20. Bb3 b5 21. axb5 axb5 22. Re2 Ra6 (22... b4 $16 {is a better defense.} 23. Ncd5 Nxd5 24. Nxd5 Bxd5 25. Bxd5 Rae8) 23. Red2 (23. Bd5 $18) 23... b4 $16 24. Ncd5 Nxd5 25. Nxd5 Bxd5 26. Bxd5 {[#] Be7 is the strong threat.} Nc5 27. Bc4 Rb6 28. b3 f5 29. exf5 gxf5 30. Qh5 e4 $2 (30... Ne4 $14) 31. Rd5 f4 $2 (31... Be5 32. Bg5 Qg7) 32. Rf5 $18 {[#] Rxf8 would kill now.} Qd8 {Accuracy: White = 57%, Black = 28%.} (32... Qc8 $18) 1-0

[Event "European Blitz-ch 2018"]
[Site "Skopje"]
[Date "2018.12.06"]
[Round "2"]
[White "Banikas, Hristos"]
[Black "Nowicki, Bartosz"]
[Result "1-0"]
[WhiteElo "2601"]
[BlackElo "2305"]
[Annotator "TA"]
[PlyCount "51"]
[EventDate "2018.12.06"]
[EventType "swiss"]
[EventCountry "MKD"]

{[%evp 18,51,96,95,105,58,82,42,80,51,150,150,140,141,140,152,153,113,236,-14,0,-74,-45,-40,58,5,188,175,170,171,328,322,465,433,445,397]} 1. d4 Nf6 2. c4 c5 3. d5 g6 4. Nc3 Bg7 5. e4 d6 6. Bd3 O-O 7. Nge2 e5 8. Bg5 h6 {E70: King's Indian: Miscellaneous lines with 4 e4, including 5 Nge2 and 5 Bd3 0-0 6 Nge2} 9. Bh4 (9. Bd2 Nh5 10. Qc1 Kh7 11. O-O Na6 12. a3 Nc7 13. Ng3 Nf6 14. b4 Nd7 15. Qc2 Qe7 16. Rfb1 {1-0 (56) Mirzoev,A (2553)-Lodhi,M (2330) Teheran 2014}) 9... Na6 10. f3 {LiveBook: 3 Games} Nc7 $146 {White is better.} ({Predecessor:} 10... Bd7 11. a3 Qe8 12. Bf2 Nh5 13. g3 f5 14. Qc2 Rb8 15. O-O-O Nc7 16. exf5 gxf5 {1-0 (34) Jolly,J (2401)-Bourdonnais,L (2140) Caen 2012}) 11. Qd2 a6 12. O-O Rb8 13. Rab1 Qe8 {[#]} ({Better is} 13... b5 $14) 14. b4 $1 $16 cxb4 15. Rxb4 Nd7 16. Rfb1 Nc5 17. Bc2 {[%cal Bd3c2,Bc2a4,Ba4c6][%mdl 32]} f5 (17... b5 $16) 18. Na4 $2 (18. Rb6 $18) 18... a5 $11 19. Nxc5 (19. Rb6 $11 Nxa4 20. Rxd6) 19... axb4 $17 20. Nd3 $1 f4 (20... fxe4 $15 21. fxe4 Na6) 21. Qxb4 $14 Qd7 $2 {[#]} (21... g5 $1 $11) 22. Ba4 $1 $36 {[%cal Ra4d7][%mdl 2048] White is on the roll.} b5 23. cxb5 {[%cal Bc4b5,Bb5b6][%mdl 32] b6 is the strong threat.} Rb6 $2 (23... g5) 24. Qa5 Rb7 (24... Rb8 $142 25. b6 {[%mdl 64] Discovered Attack} Qf7) 25. b6 Qf7 26. Bc6 {Accuracy: White = 44%, Black = 20%.} 1-0

[Event "European Blitz-ch 2018"]
[Site "Skopje"]
[Date "2018.12.06"]
[Round "2"]
[White "Bartel, Mateusz"]
[Black "Podetti, Davide"]
[Result "1-0"]
[WhiteElo "2600"]
[BlackElo "2163"]
[Annotator "TA"]
[PlyCount "59"]
[EventDate "2018.12.06"]
[EventType "swiss"]
[EventCountry "MKD"]

{[%evp 18,59,38,40,35,35,23,33,29,-16,-7,-16,-16,-14,-8,-23,18,17,18,4,1,6,0,10,65,61,83,78,85,68,70,18,144,113,269,262,303,252,265,198,346,281,285,282]} 1. e4 e5 2. Nf3 Nc6 3. Bb5 a6 4. Ba4 Nf6 5. d3 b5 6. Bb3 Be7 7. h3 {C77: Ruy Lopez: 3...a6 4 Ba4 Nf6, unusual lines} d6 8. Bd2 O-O 9. O-O Be6 10. Nc3 {LiveBook: 5 Games} d5 $146 ({Predecessor:} 10... Na5 11. Bxe6 fxe6 12. Ne2 Nb7 13. b4 Qd7 14. a4 bxa4 15. c4 a5 {1-0 (57) Bartel,M (2609)-Piorun,K (2653) Zgierz 2018}) 11. exd5 Nxd5 12. Re1 Nxc3 13. Bxc3 Bxb3 14. axb3 f6 15. Qe2 Bc5 16. Qe4 Qd7 17. b4 $36 {[%mdl 2048] White is more active.} Bb6 18. Qg4 (18. Ra2 {is interesting.} Rfe8 19. Qg4 Qxg4 20. hxg4 h6 21. Kf1) 18... Qxg4 19. hxg4 a5 20. bxa5 Bxa5 (20... Nxa5 $11 21. g5 Nc6) 21. Bxa5 $14 Nxa5 {[#]} 22. d4 $1 Nc4 23. b3 Na3 24. dxe5 ({White should play} 24. Rac1 $14) 24... fxe5 (24... Nxc2 $11 {remains equal.} 25. Rxa8 Rxa8) 25. Rxe5 c6 $2 {[#]} (25... Nxc2 $16 26. Rc1 Ra1 27. Rxa1 Nxa1) 26. Rc5 $18 b4 27. Re1 ({Resist} 27. Rxc6 $6 Rac8 $18) 27... Nb5 28. Rxc6 Ra7 (28... Rxf3 $142 29. gxf3 Nd4) 29. Rc4 Na3 30. Rc5 {Accuracy: White = 52%, Black = 22%.} 1-0

[Event "European Blitz-ch 2018"]
[Site "Skopje"]
[Date "2018.12.06"]
[Round "2"]
[White "Bosiocic, Marin"]
[Black "Styazhkina, Anna"]
[Result "1-0"]
[WhiteElo "2599"]
[BlackElo "2274"]
[Annotator "TA"]
[PlyCount "45"]
[EventDate "2018.12.06"]
[EventType "swiss"]
[EventCountry "MKD"]
[SourceTitle "playchess.com"]
[Source "ChessBase"]
[SourceQuality "1"]

{[%evp 9,45,41,51,-20,-12,-12,-12,-12,-12,-11,-16,-87,-95,-109,-104,-145,-119,-114,-115,-144,-131,-156,-160,-161,-147,-159,-162,-160,-181,-176,-175,-165,-73,-146,-76,-68,345,348]} 1. e4 e5 2. Nf3 Nc6 3. Bb5 a6 4. Ba4 g6 5. d4 exd4 {LiveBook: 79 Games} 6. Bxc6 {C70: Ruy Lopez: 3...a6 4 Ba4, Norwegian and Delayed Schliemann} (6. Nxd4 $14 Nge7 7. Bg5) (6. Bg5 Be7 7. Bxe7 Ngxe7 8. Bxc6 Nxc6 9. Nxd4 Qf6 10. c3 O-O 11. O-O b6 12. Qf3 Qxf3 13. Nxf3 Re8 {½-½ (44) Xiong,J (2618)-Caruana,F (2795) Saint Louis 2016}) 6... dxc6 $11 7. Qxd4 Qxd4 8. Nxd4 {The position is equal.} Bg7 9. Ne2 $146 ({Predecessor:} 9. Nb3 b6 10. Nc3 Be6 11. Bg5 h6 12. Bh4 g5 13. Bg3 O-O-O {0-1 (35) Bartha,A-Borsos,A (2206) Hungary 2005}) 9... f5 10. exf5 (10. Nbc3 $11 {remains equal.}) 10... Bxf5 $17 11. c3 O-O-O $36 {[%mdl 2048] Black has strong initiative.} 12. Be3 Ne7 13. Bd4 Bxd4 14. Nxd4 c5 15. Nf3 Rhe8 {[#] ( -> ...Nc6+)} 16. O-O Nd5 17. Nbd2 Nf4 18. Rfe1 {[#]} Nd3 $1 {[%cal Rd3e1]} 19. Rxe8 Rxe8 20. b3 h6 (20... Re2 $19 21. Nf1 Rxf2) 21. h3 (21. Nh4 $142) 21... g5 ({Black should try} 21... Re2 22. Rf1 b6) 22. Nf1 Re2 $2 {[%mdl 8192]} (22... Nf4 $15 {stays ahead.}) 23. Ng3 $1 {[%csl LRe2,LRf5][%mdl 64] Double Attack. Accuracy: White = 49%, Black = 48%.} 1-0

[Event "European Blitz-ch 2018"]
[Site "Skopje"]
[Date "2018.12.06"]
[Round "2"]
[White "Georgiev, Kiril"]
[Black "Molenda, Marcin"]
[Result "1-0"]
[WhiteElo "2595"]
[BlackElo "2383"]
[Annotator "TA"]
[PlyCount "61"]
[EventDate "2018.12.06"]
[EventType "swiss"]
[EventCountry "MKD"]
[SourceTitle "playchess.com"]
[Source "ChessBase"]
[SourceQuality "1"]

{[%evp 21,61,19,23,19,29,28,23,13,32,18,53,0,0,-8,-13,-12,-16,-10,11,9,10,0,0,16,28,16,50,26,27,35,57,41,108,119,118,127,113,120,112,126,654,650]} 1. d4 Nf6 2. Nf3 g6 3. c3 Bg7 4. Bg5 O-O 5. Nbd2 d6 6. e4 Qe8 7. Bd3 e5 8. O-O h6 9. Bh4 Nh5 10. Re1 Nc6 11. dxe5 Nxe5 {LiveBook: 4 Games} 12. Bf1 {B07: Pirc Defence: Miscellaneous Systems} Bg4 $146 ({Predecessor:} 12... a6 13. Nxe5 dxe5 14. Nc4 Qc6 15. Qd5 Qxd5 16. exd5 g5 17. Bg3 Nxg3 18. hxg3 Re8 19. a4 Bd7 {½-½ (72) Rodriguez Vargas,O (2455)-Lutz,C (2540) Manila 1992}) 13. h3 Nxf3+ 14. Nxf3 {White has an edge.} Bd7 15. Nd4 a6 16. Qf3 (16. Nf5 $14) 16... Qe5 $11 17. Nf5 (17. Bd3 {with more complications.} Rae8 18. Bc2 b5 19. Rad1 a5 20. Re3) 17... gxf5 18. Qxh5 fxe4 19. Qxe5 dxe5 (19... Bxe5 {looks sharper.} 20. Rxe4 f5 21. Ree1 f4 22. Rad1 Ba4) 20. Rxe4 f5 21. Ree1 Bc6 22. Bc4+ Kh8 23. Rad1 e4 24. Bd5 Bxd5 25. Rxd5 Rf7 26. Red1 c6 (26... Raf8 $14) 27. Rd7 $16 Raf8 28. Be7 Re8 29. Bc5 Rxd7 30. Rxd7 Re5 $2 {[%mdl 8192] [#]} (30... b5 $16 31. Rd6 Rc8) 31. Bd4 {Accuracy: White = 78%, Black = 48%.} 1-0

[Event "European Blitz-ch 2018"]
[Site "Skopje"]
[Date "2018.12.06"]
[Round "2"]
[White "Esipenko, Andrey"]
[Black "Chernyak, Viktoria"]
[Result "1-0"]
[WhiteElo "2593"]
[BlackElo "2186"]
[Annotator "TA"]
[PlyCount "55"]
[EventDate "2018.12.06"]
[EventType "swiss"]
[EventCountry "MKD"]
[SourceTitle "playchess.com"]
[Source "ChessBase"]
[SourceQuality "1"]

{[%evp 19,55,0,-2,-22,19,28,62,58,56,37,39,25,50,51,46,47,260,234,221,-107,175,-148,5414,5281,1940,1914,1569,1179,1171,1170,29992,29993,29993,29992,29992,29992,29993,2181]} 1. d4 d5 2. Nf3 Nf6 3. Bf4 c5 4. e3 e6 5. c3 Bd6 6. Bg3 {D02: 1 d4 d5 2 Nf3 sidelines, including 2...Nf6 3 g3 and 2...Nf6 3 Bf4} O-O 7. Nbd2 b6 (7... Qc7 8. Bd3 Nbd7 9. O-O e5 10. dxe5 Nxe5 11. Nxe5 Bxe5 12. Qc2 Bxg3 13. hxg3 b6 14. e4 Bb7 15. exd5 Bxd5 16. Rfe1 Rfe8 17. Ne4 Bxe4 18. Bxe4 Nxe4 19. Rxe4 Qc6 20. Rae1 {½-½ (20) Korobov,A (2685)-Romanov,E (2611) Biograd 2018}) 8. Bd3 Ba6 9. Bxa6 Nxa6 10. Qe2 Nb8 {LiveBook: 4 Games} 11. e4 {[#] Black must now prevent e5.} dxe4 12. Nxe4 Be7 $146 ({Predecessor:} 12... Nxe4 13. Qxe4 Na6 14. Bxd6 Qxd6 {½-½ (32) Lomakina,G (2032)-Uryupin,I (2263) Tambov 2018}) 13. dxc5 bxc5 14. Nxf6+ Bxf6 15. Qe4 Nd7 16. O-O-O $36 {[%mdl 2048] [#] Qb7 is the strong threat. White is more active.} Qc8 $1 17. h4 Nb6 $2 (17... Be7 $14) 18. Ng5 {[%csl Gg5][%cal Re4h7]} g6 19. Be5 $2 (19. Bd6 $18) 19... Be7 $2 {[%mdl 8192]} (19... Bxe5 $17 {and life is bright.} 20. Qxe5 Qa6) 20. Nxh7 $2 (20. h5 $18 Bxg5+ 21. f4) 20... Kxh7 $4 {[%mdl 8192]} (20... f5 $17 21. Qe2 Kxh7) 21. h5 $18 {Threatening mate with hxg6+.} f5 22. hxg6+ Kxg6 23. Qf3 {[%csl Gh1][%cal Rf3h5]} Bg5+ 24. Kb1 {[%csl Gh1][%cal Rf3h5]} f4 25. Qh5+ {White mates.} Kf5 26. Rde1 Qb7 27. g4+ fxg3 28. fxg3 {Accuracy: White = 40%, Black = 23%.} (28. Rh4 $142 Nd5 29. fxg3 Qxb2+ 30. Kxb2 Ne3 31. Rxe3 Rfb8+ 32. Ka3 Rb3+ 33. axb3 Rg8 34. g4#) 1-0